[Event "HUN-ch Rapid"]
[Site "Ajka"]
[Date "2022.07.17"]
[Round "10"]
[White "Deak, Sandor"]
[Black "Papp, Levente"]
[Result "0-1"]
[WhiteElo "2264"]
[BlackElo "2394"]
[PlyCount "28"]
[EventDate "2022.07.15"]
[EventType "swiss (rapid)"]
[EventRounds "13"]
[EventCountry "HUN"]
[SourceTitle "CBM 209 Extra"]
[Source "ChessBase"]
[SourceDate "2022.09.30"]
[SourceVersion "1"]
[SourceVersionDate "2022.09.30"]
[SourceQuality "1"]

1. d4 Nf6 2. c4 e6 3. Nf3 c5 4. d5 b5 5. dxe6 fxe6 6. cxb5 d5 7. e3 Bd6 8. Nc3 0-0 9. Be2 Bb7 10. Qc2 Nbd7 11. 0-0 Qe7 12. Rd1 Rac8 13. b3 Ne5 14. Bb2 d4 0-1

[Event "HUN-ch Rapid"]
[Site "Ajka"]
[Date "2022.07.15"]
[Round "3"]
[White "Mihok, Oliver"]
[Black "Deak, Sandor"]
[Result "1-0"]
[WhiteElo "2549"]
[BlackElo "2264"]
[PlyCount "85"]
[EventDate "2022.07.15"]
[EventType "swiss (rapid)"]
[EventRounds "13"]
[EventCountry "HUN"]
[SourceTitle "CBM 209 Extra"]
[Source "ChessBase"]
[SourceDate "2022.09.30"]
[SourceVersion "1"]
[SourceVersionDate "2022.09.30"]
[SourceQuality "1"]

1. e4 c5 2. Nf3 Nc6 3. Nc3 g6 4. d4 cxd4 5. Nxd4 Bg7 6. Be3 Nf6 7. Bc4 0-0 8. Bb3 d6 9. f3 Nxd4 10. Bxd4 Be6 11. Qd2 Nd7 12. Bxg7 Kxg7 13. h4 h5 14. 0-0-0 Ne5 15. Kb1 a5 16. Rhf1 a4 17. Nxa4 b5 18. Nc3 Qa5 19. Nd5 Qa7 20. Qd4 f6 21. f4 Ng4 22. Rfe1 Qb7 23. Rd3 Rac8 24. f5 Bxd5 25. Bxd5 Qb8 26. Rg3 Ne5 27. Qd1 Rh8 28. Ree3 Rc5 29. a3 Qc7 30. c3 Qb8 31. Qb3 Qa7 32. Re1 Rhc8 33. Rf1 Rf8 34. fxg6 Nc4 35. Qd1 Rh8 36. Rf5 Rxd5 37. exd5 Rh6 38. Qe2 Ne5 39. Rxh5 Rxg6 40. Rxg6+ Kxg6 41. Rh8 Qg1+ 42. Ka2 Qc5 43. Qh5+ 1-0

[Event "HUN-ch Rapid"]
[Site "Ajka"]
[Date "2021.07.17"]
[Round "7"]
[White "Deak, Sandor"]
[Black "Palczert, Botond"]
[Result "1/2-1/2"]
[WhiteElo "2279"]
[BlackElo "2084"]
[PlyCount "77"]
[EventDate "2021.07.16"]
[EventType "swiss (rapid)"]
[EventRounds "13"]
[EventCountry "HUN"]
[SourceTitle "CBM 203 Extra"]
[Source "ChessBase"]
[SourceDate "2021.09.30"]
[SourceVersion "1"]
[SourceVersionDate "2021.09.30"]
[SourceQuality "1"]

1. d4 Nf6 2. c4 e6 3. Nf3 d5 4. Nc3 Bb4 5. Bg5 0-0 6. e3 Nbd7 7. cxd5 exd5 8. Bd3 h6 9. Bh4 c6 10. 0-0 Re8 11. Qc2 Be7 12. Rab1 Ne4 13. Bxe4 Bxh4 14. Bh7+ Kh8 15. Bd3 Bf6 16. b4 b5 17. a4 a6 18. e4 Nb6 19. exd5 Nxd5 20. Ne4 Nf4 21. Nxf6 Qxf6 22. Be4 Bg4 23. Qxc6 Ne2+ 24. Kh1 Rac8 25. Qxf6 gxf6 26. Bb7 Rb8 27. Bxa6 Bxf3 28. gxf3 Nxd4 29. Bxb5 Nxb5 30. axb5 Rxb5 31. Rfc1 Ree5 32. Rc4 Rf5 33. f4 Rh5 34. Rc8+ Kh7 35. Rg1 Rh4 36. Rcg8 h5 37. R1g7+ Kh6 38. Rg3 Kh7 39. R3g7+ 1/2-1/2

[Event "HUN-ch rapid"]
[Site "Ajka"]
[Date "2019.07.21"]
[Round "12"]
[White "Terbe, Julianna"]
[Black "Deak, Sandor"]
[Result "1-0"]
[WhiteElo "2298"]
[BlackElo "2279"]
[PlyCount "35"]
[EventDate "2019.07.19"]
[EventType "swiss (rapid)"]
[EventRounds "13"]
[EventCountry "HUN"]
[SourceTitle "CBM 191 Extra"]
[Source "ChessBase"]
[SourceDate "2019.09.30"]
[SourceVersion "1"]
[SourceVersionDate "2019.09.30"]
[SourceQuality "1"]

1. d4 Nf6 2. Bf4 c5 3. e3 Qb6 4. Nc3 cxd4 5. exd4 Qxb2 6. Nb5 Na6 7. a3 d5 8. Rb1 Qa2 9. Qc1 e5 10. Ra1 Qxa1 11. Qxa1 exf4 12. Bd3 Be7 13. Qc1 0-0 14. Qxf4 Bd7 15. Ne2 Bxb5 16. Bxb5 Bxa3 17. 0-0 Nc7 18. Qxc7 1-0

[Event "HUN-chT2 Maroczy 1819"]
[Site "Hungary"]
[Date "2019.02.10"]
[Round "7.5"]
[White "Farago, Sandor"]
[Black "Deak, Sandor"]
[Result "1-0"]
[WhiteElo "2222"]
[BlackElo "2292"]
[PlyCount "73"]
[EventDate "2018.09.23"]
[EventType "team-tourn"]
[EventRounds "11"]
[EventCountry "HUN"]
[SourceTitle "EXT 2020"]
[Source "ChessBase"]
[SourceDate "2019.10.17"]
[SourceVersion "1"]
[SourceVersionDate "2019.10.17"]
[SourceQuality "1"]
[WhiteTeam "Taban Spartacus"]
[BlackTeam "Debrecen Kwizda"]
[WhiteTeamCountry "HUN"]
[BlackTeamCountry "HUN"]

1. e4 c5 2. Nf3 Nc6 3. d4 cxd4 4. Nxd4 g6 5. Nc3 Bg7 6. Be3 Nf6 7. Nxc6 bxc6 8. e5 Ng8 9. f4 Nh6 10. Qd2 0-0 11. 0-0-0 f6 12. Bc4+ Kh8 13. h4 Qe8 14. Rde1 fxe5 15. fxe5 Ng4 16. Bg5 Nxe5 17. Be2 h5 18. g4 d6 19. gxh5 gxh5 20. Bh6 Qg6 21. Bxg7+ Kxg7 22. Reg1 Bg4 23. Bxg4 Nxg4 24. Qe1 e5 25. Ne4 d5 26. Ng5 Rf2 27. Qc3 Raf8 28. Qc5 Kh6 29. Kb1 e4 30. a4 e3 31. Nh3 R2f7 32. Ng5 Rf5 33. Rxg4 hxg4 34. Qxe3 Rf1+ 35. Ka2 Qxc2 36. Nf7+ Kg6 37. Qh6+ 1-0

[Event "HUN-chT2 Maroczy 1819"]
[Site "Hungary"]
[Date "2018.12.02"]
[Round "5.3"]
[White "Balla, Tamas Kristof"]
[Black "Deak, Sandor"]
[Result "1-0"]
[WhiteElo "2328"]
[BlackElo "2292"]
[PlyCount "87"]
[EventDate "2018.09.23"]
[EventType "team-tourn"]
[EventRounds "11"]
[EventCountry "HUN"]
[SourceTitle "EXT 2020"]
[Source "ChessBase"]
[SourceDate "2019.10.17"]
[SourceVersion "1"]
[SourceVersionDate "2019.10.17"]
[SourceQuality "1"]
[WhiteTeam "Kisujszallas"]
[BlackTeam "Debrecen Kwizda"]
[WhiteTeamCountry "HUN"]
[BlackTeamCountry "HUN"]

1. e4 c5 2. Nf3 Nc6 3. d4 cxd4 4. Nxd4 g6 5. c4 Nf6 6. Nc3 Nxd4 7. Qxd4 d6 8. Be2 Bg7 9. Be3 0-0 10. Qd2 Be6 11. Rc1 Qa5 12. f3 Rfc8 13. b3 a6 14. Na4 Qxd2+ 15. Kxd2 Nd7 16. g4 f5 17. exf5 gxf5 18. h3 Rc6 19. f4 Nc5 20. Bf3 Ne4+ 21. Bxe4 fxe4 22. Nb6 Re8 23. Rhf1 Bf7 24. f5 Be5 25. Nd7 Bb2 26. Rc2 Ba3 27. Nb6 Bc5 28. Bxc5 dxc5 29. Na4 Rd8+ 30. Ke3 Rd3+ 31. Kxe4 Rxh3 32. Rd1 e6 33. Ke5 exf5 34. gxf5 Rh5 35. Rd8+ Kg7 36. Rg2+ Bg6 37. Rd7+ Kh6 38. Rf2 Rc8 39. Rxb7 Rf8 40. Nxc5 Bxf5 41. Kd4 Rd8+ 42. Kc3 a5 43. Rb5 Ra8 44. Nb7 1-0

[Event "HUN-chT2 Maroczy 1819"]
[Site "Hungary"]
[Date "2018.11.18"]
[Round "4.5"]
[White "Deak, Sandor"]
[Black "Szalanczy, Emil"]
[Result "1/2-1/2"]
[WhiteElo "2292"]
[BlackElo "2194"]
[PlyCount "56"]
[EventDate "2018.09.23"]
[EventType "team-tourn"]
[EventRounds "11"]
[EventCountry "HUN"]
[SourceTitle "EXT 2020"]
[Source "ChessBase"]
[SourceDate "2019.10.17"]
[SourceVersion "1"]
[SourceVersionDate "2019.10.17"]
[SourceQuality "1"]
[WhiteTeam "Debrecen Kwizda"]
[BlackTeam "Szigetszentmiklos"]
[WhiteTeamCountry "HUN"]
[BlackTeamCountry "HUN"]

1. d4 Nf6 2. c4 g6 3. Nc3 d5 4. Nf3 Bg7 5. Bg5 0-0 6. Bxf6 Bxf6 7. cxd5 c6 8. e3 cxd5 9. Qb3 Nc6 10. Be2 e5 11. dxe5 Nxe5 12. 0-0 Bg4 13. Nxe5 Bxe2 14. Nxf7 Rxf7 15. Nxe2 Qb6 16. Rad1 Qxb3 17. axb3 Bxb2 18. Rxd5 a5 19. Rfd1 Bf6 20. g4 h6 21. Nf4 a4 22. b4 Ra7 23. h3 Bh4 24. R1d2 Ra6 25. Rd6 g5 26. Rxa6 bxa6 27. Ng6 Ra7 28. Ra2 a5 1/2-1/2

[Event "HUN-chT2 Maroczy 1819"]
[Site "Hungary"]
[Date "2018.09.23"]
[Round "1.3"]
[White "Zambo, Zoltan"]
[Black "Deak, Sandor"]
[Result "1-0"]
[WhiteElo "2359"]
[BlackElo "2292"]
[PlyCount "69"]
[EventDate "2018.09.23"]
[EventType "team-tourn"]
[EventRounds "11"]
[EventCountry "HUN"]
[SourceTitle "EXT 2020"]
[Source "ChessBase"]
[SourceDate "2019.10.17"]
[SourceVersion "1"]
[SourceVersionDate "2019.10.17"]
[SourceQuality "1"]
[WhiteTeam "Lillafured DVTK II"]
[BlackTeam "Debrecen Kwizda"]
[WhiteTeamCountry "HUN"]
[BlackTeamCountry "HUN"]

1. Nf3 Nf6 2. d4 c5 3. e3 e6 4. dxc5 Bxc5 5. a3 b6 6. b4 Be7 7. Bb2 Bb7 8. Nbd2 0-0 9. Bd3 a5 10. b5 d6 11. 0-0 Nbd7 12. a4 Rc8 13. Nd4 g6 14. N4b3 Nc5 15. e4 Nxd3 16. cxd3 d5 17. e5 Nd7 18. Nf3 Nc5 19. Nbd4 f6 20. Rc1 Qd7 21. Ba3 f5 22. Nc6 Rxc6 23. bxc6 Bxc6 24. Bxc5 Bxc5 25. Ra1 d4 26. Nd2 g5 27. Nc4 g4 28. Qb3 Bd5 29. Rfb1 Qc6 30. Qb5 Qxb5 31. Rxb5 Bxc4 32. dxc4 d3 33. Rd1 Rd8 34. Rb3 d2 35. Kf1 1-0

[Event "HUN-ch rapid"]
[Site "Ajka"]
[Date "2018.07.22"]
[Round "12"]
[White "Deak, Sandor"]
[Black "Szelenyi, Norbert"]
[Result "1/2-1/2"]
[WhiteElo "2292"]
[BlackElo "2307"]
[PlyCount "40"]
[EventDate "2018.07.20"]
[EventType "swiss (rapid)"]
[EventRounds "13"]
[EventCountry "HUN"]
[SourceTitle "EXT 2019"]
[Source "ChessBase"]
[SourceDate "2018.10.10"]
[SourceVersion "1"]
[SourceVersionDate "2018.10.10"]
[SourceQuality "1"]

1. d4 d5 2. c4 e6 3. Nc3 Bb4 4. cxd5 exd5 5. Nf3 c6 6. Qc2 Ne7 7. a3 Bd6 8. Bg5 h6 9. Bh4 0-0 10. e3 Bf5 11. Bd3 Bxd3 12. Qxd3 Qd7 13. Bxe7 Qxe7 14. 0-0 Nd7 15. Rfe1 Nf6 16. h3 Rfe8 17. Nd2 Rad8 18. b4 Ne4 19. Ncxe4 Qd7 20. Qb3 dxe4 1/2-1/2

[Event "HUN-ch rapid"]
[Site "Ajka"]
[Date "2018.07.21"]
[Round "10"]
[White "Deak, Sandor"]
[Black "Czupor, Attila"]
[Result "1-0"]
[WhiteElo "2292"]
[BlackElo "2223"]
[PlyCount "149"]
[EventDate "2018.07.20"]
[EventType "swiss (rapid)"]
[EventRounds "13"]
[EventCountry "HUN"]
[SourceTitle "CBM 185 Extra"]
[Source "ChessBase"]
[SourceDate "2018.07.29"]
[SourceVersion "1"]
[SourceVersionDate "2018.07.29"]
[SourceQuality "1"]

1. d4 d5 2. c4 c6 3. cxd5 cxd5 4. Nc3 Nf6 5. Bf4 Nc6 6. e3 a6 7. Bd3 Bg4 8. Nge2 e6 9. 0-0 Bd6 10. f3 Bh5 11. Rc1 0-0 12. Na4 e5 13. dxe5 Nxe5 14. Bb1 b5 15. Nac3 Nc4 16. Qd4 Nxb2 17. Bxd6 Qxd6 18. Nxb5 axb5 19. Qxb2 b4 20. Nd4 Bg6 21. Rfe1 Rfc8 22. Nf5 Qd7 23. g4 h5 24. h3 Rxc1 25. Rxc1 Bxf5 26. Bxf5 Qd6 27. Bb1 hxg4 28. hxg4 Nd7 29. Kg2 Ne5 30. Qd4 Ng6 31. f4 Re8 32. Kf3 Qe6 33. Bxg6 fxg6 34. Rc5 Qe4+ 35. Qxe4 dxe4+ 36. Kg3 Ra8 37. Rc4 Rxa2 38. Rxb4 Kf7 39. Rxe4 Ra3 40. Kf3 Rb3 41. Ra4 Rb1 42. Ra7+ Kf8 43. g5 Rb3 44. Rd7 Rb4 45. Rd4 Rb3 46. Ke4 Rb5 47. Rd5 Rb3 48. Kd4 Rb4+ 49. Ke5 Ke7 50. Ra5 Rb7 51. e4 Rc7 52. Ra6 Kf7 53. f5 gxf5 54. g6+ Ke7 55. Kxf5 Rc5+ 56. e5 Rc7 57. Ra8 Rc1 58. Ra7+ Kf8 59. Ke6 Rc8 60. Rf7+ Kg8 61. Rd7 Kf8 62. Kd6 Ra8 63. Rf7+ Kg8 64. Rc7 Kf8 65. Kd7 Re8 66. Rc3 Re7+ 67. Kd6 Re8 68. Rf3+ Kg8 69. e6 Ra8 70. e7 Ra6+ 71. Kd5 Ra5+ 72. Kc6 Ra8 73. Rd3 Rc8+ 74. Kb7 Re8 75. Rd8 1-0

[Event "HUN-chT2 Maroczy 1718"]
[Site "Hungary"]
[Date "2018.03.25"]
[Round "8.4"]
[White "Deak, Sandor"]
[Black "Farago, Sandor"]
[Result "0-1"]
[WhiteElo "2304"]
[BlackElo "2221"]
[PlyCount "134"]
[EventDate "2017.10.29"]
[EventType "team-tourn"]
[EventRounds "9"]
[EventCountry "HUN"]
[SourceTitle "EXT 2021"]
[Source "ChessBase"]
[SourceDate "2020.10.23"]
[SourceVersion "1"]
[SourceVersionDate "2020.10.23"]
[SourceQuality "1"]
[WhiteTeam "Debrecen Sakkiskola"]
[BlackTeam "Taban Spartacus"]
[WhiteTeamCountry "HUN"]
[BlackTeamCountry "HUN"]

1. d4 Nf6 2. c4 g6 3. Nc3 Bg7 4. e4 d6 5. f3 Nbd7 6. Be3 c5 7. Nge2 0-0 8. Qd2 cxd4 9. Nxd4 Re8 10. Be2 a6 11. 0-0 Ne5 12. Rac1 Bd7 13. Rfd1 Rc8 14. b3 Qa5 15. Kf1 e6 16. Nc2 b5 17. Qxd6 bxc4 18. b4 Qc7 19. Qxc7 Rxc7 20. Bc5 Nh5 21. Ne3 Bh6 22. Kf2 Nd3+ 23. Bxd3 cxd3 24. g3 f5 25. Rxd3 Bc6 26. Rcd1 Rf7 27. Rd6 Bb7 28. Rd8 Ng7 29. exf5 gxf5 30. Nc4 Bg5 31. R8d3 Rc7 32. Nd6 Rb8 33. Nxb7 Rbxb7 34. a3 a5 35. Ne2 axb4 36. axb4 Kf7 37. Nd4 e5 38. Ne2 Ne6 39. Bd6 e4 40. Rd5 e3+ 41. Kf1 Rc2 42. Rxf5+ Kg6 43. Re5 Rd2 44. Rd5 Rd7 45. R1xd2 exd2 46. f4 d1Q+ 47. Rxd1 Be7 48. Rd5 Nc7 49. f5+ Kf7 50. Rd4 Rxd6 51. Rc4 Nd5 52. Kf2 Rb6 53. g4 Rh6 54. Nf4 Nxf4 55. Rxf4 Rxh2+ 56. Kf3 Rb2 57. Rc4 h6 58. Rc6 Rb3+ 59. Ke4 Rxb4+ 60. Ke5 Rb5+ 61. Ke4 Bg5 62. Rc7+ Kf6 63. Rc6+ Ke7 64. Re6+ Kf7 65. Rc6 Rb4+ 66. Ke5 Rxg4 67. f6 Kg6 0-1

[Event "HUN-chT2 Maroczy 1718"]
[Site "Hungary"]
[Date "2018.01.28"]
[Round "5.3"]
[White "Deak, Sandor"]
[Black "Amstadt, Aron"]
[Result "1/2-1/2"]
[WhiteElo "2304"]
[BlackElo "2333"]
[PlyCount "29"]
[EventDate "2017.10.29"]
[EventType "team-tourn"]
[EventRounds "9"]
[EventCountry "HUN"]
[SourceTitle "EXT 2021"]
[Source "ChessBase"]
[SourceDate "2020.10.23"]
[SourceVersion "1"]
[SourceVersionDate "2020.10.23"]
[SourceQuality "1"]
[WhiteTeam "Debrecen Sakkiskola"]
[BlackTeam "Dunaharaszti II"]
[WhiteTeamCountry "HUN"]
[BlackTeamCountry "HUN"]

1. d4 e6 2. e4 d5 3. Nd2 dxe4 4. Nxe4 Nd7 5. Nf3 Ngf6 6. Nxf6+ Nxf6 7. Bg5 Be7 8. Bd3 c5 9. dxc5 Qa5+ 10. c3 Qxc5 11. Qe2 0-0 12. 0-0 Rd8 13. Rad1 Bd7 14. Ne5 Be8 15. Rfe1 1/2-1/2

[Event "HUN-chT2 Maroczy 1718"]
[Site "Hungary"]
[Date "2017.12.17"]
[Round "4.4"]
[White "Deak, Sandor"]
[Black "Jesenski, Tibor"]
[Result "1/2-1/2"]
[WhiteElo "2304"]
[BlackElo "2301"]
[PlyCount "46"]
[EventDate "2017.10.29"]
[EventType "team-tourn"]
[EventRounds "9"]
[EventCountry "HUN"]
[SourceTitle "EXT 2021"]
[Source "ChessBase"]
[SourceDate "2020.10.23"]
[SourceVersion "1"]
[SourceVersionDate "2020.10.23"]
[SourceQuality "1"]
[WhiteTeam "Debrecen Sakkiskola"]
[BlackTeam "Szeged Maroczy"]
[WhiteTeamCountry "HUN"]
[BlackTeamCountry "HUN"]

1. d4 d5 2. c4 e6 3. Nc3 Nf6 4. Bg5 Be7 5. e3 h6 6. Bh4 0-0 7. Nf3 Ne4 8. Bxe7 Qxe7 9. Rc1 Nxc3 10. Rxc3 c6 11. Qc2 Nd7 12. Bd3 dxc4 13. Bxc4 e5 14. 0-0 e4 15. Ne5 Nxe5 16. Qxe4 Re8 17. dxe5 Qxe5 18. Qxe5 Rxe5 19. Rd1 Bf5 20. f3 Rae8 21. e4 Bc8 22. b4 Kf8 23. Rcd3 f5 1/2-1/2

[Event "HUN-chT2 Maroczy 1718"]
[Site "Hungary"]
[Date "2017.12.03"]
[Round "3.4"]
[White "Paschall, William M"]
[Black "Deak, Sandor"]
[Result "1/2-1/2"]
[WhiteElo "2379"]
[BlackElo "2304"]
[PlyCount "23"]
[EventDate "2017.10.29"]
[EventType "team-tourn"]
[EventRounds "9"]
[EventCountry "HUN"]
[SourceTitle "EXT 2021"]
[Source "ChessBase"]
[SourceDate "2020.10.23"]
[SourceVersion "1"]
[SourceVersionDate "2020.10.23"]
[SourceQuality "1"]
[WhiteTeam "Budapest HASE"]
[BlackTeam "Debrecen Sakkiskola"]
[WhiteTeamCountry "HUN"]
[BlackTeamCountry "HUN"]

1. Nf3 d5 2. g3 c6 3. Bg2 Nf6 4. 0-0 Bg4 5. c4 e6 6. cxd5 exd5 7. d3 Be7 8. Nc3 0-0 9. e4 dxe4 10. dxe4 Qxd1 11. Rxd1 Bb4 12. h3 1/2-1/2

[Event "HUN-chT2 Maroczy 1718"]
[Site "Hungary"]
[Date "2017.11.26"]
[Round "2.4"]
[White "Deak, Sandor"]
[Black "Secheres, Adrian Simion"]
[Result "1-0"]
[WhiteElo "2304"]
[BlackElo "2364"]
[PlyCount "95"]
[EventDate "2017.10.29"]
[EventType "team-tourn"]
[EventRounds "9"]
[EventCountry "HUN"]
[SourceTitle "EXT 2021"]
[Source "ChessBase"]
[SourceDate "2020.10.23"]
[SourceVersion "1"]
[SourceVersionDate "2020.10.23"]
[SourceQuality "1"]
[WhiteTeam "Debrecen Sakkiskola"]
[BlackTeam "Kisujszallas"]
[WhiteTeamCountry "HUN"]
[BlackTeamCountry "HUN"]

1. d4 Nf6 2. c4 g6 3. Nc3 Bg7 4. e4 d6 5. Nf3 0-0 6. Be2 Nbd7 7. 0-0 e5 8. dxe5 dxe5 9. Be3 c6 10. b4 Qe7 11. Qb3 Ng4 12. Bg5 f6 13. c5+ Kh8 14. Bh4 Rd8 15. Rad1 g5 16. Bg3 Nf8 17. Rxd8 Qxd8 18. h4 Qe7 19. Rd1 Nh6 20. hxg5 fxg5 21. Bc4 Bg4 22. Rd3 Ng6 23. Nh2 Bh5 24. Nf1 Nf4 25. Rd6 Nf7 26. Bxf7 Bxf7 27. Qd1 Be6 28. Ne3 Rf8 29. f3 h5 30. Nf5 Qe8 31. Nxg7 Kxg7 32. Ne2 Ng6 33. Nc1 g4 34. Nd3 gxf3 35. gxf3 Kh7 36. Qd2 Qe7 37. Qe3 Rg8 38. Kh2 Bc4 39. Nxe5 h4 40. Rd7 hxg3+ 41. Kg1 Qxd7 42. Nxd7 Rd8 43. Qd4 Kh6 44. Qd6 Re8 45. Qxg3 Be6 46. Nf6 Rd8 47. f4 Rd1+ 48. Kf2 1-0

[Event "Heinola Suomi 100 ottelu Vierumaki"]
[Site "Heinola"]
[Date "2017.11.17"]
[Round "1"]
[White "Jarvenpaa, Jari"]
[Black "Deak, Sandor"]
[Result "1-0"]
[WhiteElo "2290"]
[BlackElo "2307"]
[PlyCount "91"]
[EventDate "2017.11.17"]
[EventType "swiss"]
[EventRounds "3"]
[EventCountry "FIN"]
[SourceTitle "EXT 2022"]
[Source "ChessBase"]
[SourceDate "2021.10.06"]
[SourceVersion "1"]
[SourceVersionDate "2021.10.06"]
[SourceQuality "1"]

1. e4 c5 2. c3 Nf6 3. e5 Nd5 4. Nf3 Nc6 5. Bc4 Nb6 6. Bb3 d5 7. exd6 c4 8. Bc2 Qxd6 9. 0-0 Bg4 10. Qe2 Qf4 11. Qe4 Qxe4 12. Bxe4 Bd7 13. Na3 a6 14. b3 cxb3 15. axb3 e6 16. d4 Rc8 17. Nc4 Nxc4 18. bxc4 Bd6 19. c5 Bc7 20. Nd2 0-0 21. Nc4 Nd8 22. Re1 Bb5 23. Nd2 a5 24. g3 Ba6 25. Bb2 Nc6 26. f4 g6 27. Kf2 Rfe8 28. Bf3 f6 29. Bg4 f5 30. Bd1 Kf7 31. Bb3 h6 32. Re3 b6 33. Rae1 Nd8 34. d5 bxc5 35. dxe6+ Ke7 36. Ba4 Rg8 37. Ba3 Bd6 38. Rb1 g5 39. Bd7 gxf4 40. gxf4 Bxf4 41. Bxc8 Bxe3+ 42. Kxe3 Bxc8 43. Bxc5+ Kxe6 44. Rb6+ Kd5 45. Ba3 Nb7 46. c4+ 1-0

[Event "HUN-chT2 Maroczy 1718"]
[Site "Hungary"]
[Date "2017.10.29"]
[Round "1.4"]
[White "Kassay, Krisztian"]
[Black "Deak, Sandor"]
[Result "0-1"]
[WhiteElo "2170"]
[BlackElo "2304"]
[PlyCount "80"]
[EventDate "2017.10.29"]
[EventType "team-tourn"]
[EventRounds "9"]
[EventCountry "HUN"]
[SourceTitle "EXT 2021"]
[Source "ChessBase"]
[SourceDate "2020.10.23"]
[SourceVersion "1"]
[SourceVersionDate "2020.10.23"]
[SourceQuality "1"]
[WhiteTeam "Miskolc KisBocsok"]
[BlackTeam "Debrecen Sakkiskola"]
[WhiteTeamCountry "HUN"]
[BlackTeamCountry "HUN"]

1. e4 e5 2. Nf3 Nc6 3. Bc4 Bc5 4. c3 Nf6 5. d3 a6 6. a4 0-0 7. Nbd2 h6 8. 0-0 d6 9. h3 Ba7 10. a5 Rb8 11. Re1 Nh5 12. Nf1 Qf6 13. Ne3 Nf4 14. Nd5 Nxd5 15. Bxd5 Ne7 16. Be3 Bxe3 17. fxe3 Nxd5 18. exd5 Qg6 19. Kh1 f5 20. Rf1 Bd7 21. d4 Bb5 22. Rf2 Qg3 23. Qd2 e4 24. Ng1 g5 25. Qe1 Qh4 26. b3 Bd3 27. Rd2 Qh5 28. Qg3 Kh7 29. Rf2 Rf7 30. Re1 Rbf8 31. Ne2 Bc2 32. Nc1 Bd1 33. Rd2 f4 34. Qh2 g4 35. exf4 g3 36. Qxg3 Rg7 37. Qh2 Bf3 38. gxf3 Qxf3+ 39. Rg2 Rfg8 40. Reg1 Rg3 0-1

[Event "HUN-chT2 Barcza 1415"]
[Site "Hungary"]
[Date "2015.04.26"]
[Round "?"]
[White "Deak, Sandor"]
[Black "Nayhebaver, Martin"]
[Result "0-1"]
[WhiteElo "2323"]
[BlackElo "2301"]
[PlyCount "51"]
[EventDate "2014.09.07"]
[EventType "team-tourn"]
[EventRounds "11"]
[EventCountry "HUN"]
[SourceTitle "EXT 2016"]
[Source "ChessBase"]
[SourceDate "2015.10.08"]
[SourceVersion "1"]
[SourceVersionDate "2015.10.08"]
[SourceQuality "1"]
[WhiteTeam "Nadudvar"]
[BlackTeam "Miskolc Sakkiskola"]
[WhiteTeamCountry "HUN"]
[BlackTeamCountry "HUN"]

1. d4 Nf6 2. c4 g6 3. g3 Bg7 4. Bg2 0-0 5. Nc3 d6 6. Nf3 Nc6 7. d5 Na5 8. Nd2 c5 9. Qc2 e6 10. 0-0 exd5 11. cxd5 Rb8 12. Rb1 b5 13. b4 cxb4 14. Rxb4 Qc7 15. Qd3 Ng4 16. Nxb5 Qc5 17. Ba3 Ne5 18. Qb1 Rxb5 19. Ne4 Rxb4 20. Bxb4 Qb6 21. Nxd6 Ba6 22. Re1 h5 23. h3 Rd8 24. Bxa5 Qxa5 25. Nb7 Bxb7 26. Qxb7 0-1

[Event "HUN-chT2 Barcza 1415"]
[Site "Hungary"]
[Date "2015.03.22"]
[Round "?"]
[White "Deak, Sandor"]
[Black "Barabas, Tibor"]
[Result "1-0"]
[WhiteElo "2323"]
[BlackElo "2079"]
[PlyCount "85"]
[EventDate "2014.09.07"]
[EventType "team-tourn"]
[EventRounds "11"]
[EventCountry "HUN"]
[SourceTitle "EXT 2016"]
[Source "ChessBase"]
[SourceDate "2015.10.08"]
[SourceVersion "1"]
[SourceVersionDate "2015.10.08"]
[SourceQuality "1"]
[WhiteTeam "Nadudvar"]
[BlackTeam "Mezokovesd"]
[WhiteTeamCountry "HUN"]
[BlackTeamCountry "HUN"]

1. Nf3 Nf6 2. d4 e6 3. Bg5 d5 4. Nbd2 c5 5. e3 cxd4 6. exd4 Bd6 7. Bd3 Nc6 8. c3 h6 9. Bh4 0-0 10. 0-0 e5 11. dxe5 Nxe5 12. Nxe5 Bxe5 13. Nf3 Bc7 14. Qc2 Bg4 15. Nd4 Qd6 16. Bg3 Qb6 17. Bxc7 Qxc7 18. f3 Bd7 19. Rfe1 Rfe8 20. Qf2 Rxe1+ 21. Rxe1 Re8 22. g3 Qb6 23. Rxe8+ Nxe8 24. Nb3 Qxf2+ 25. Kxf2 b6 26. Ke3 Kf8 27. Kd4 Nc7 28. f4 Ke7 29. Ke3 Bh3 30. Nd4 Kd6 31. Bf5 Bf1 32. Bg4 g6 33. Bf3 a5 34. b4 Nb5 35. Nxb5+ Bxb5 36. Kd4 Bc4 37. a3 g5 38. fxg5 hxg5 39. h4 axb4 40. cxb4 gxh4 41. gxh4 f5 42. h5 Ke6 43. Bxd5+ 1-0

[Event "HUN-chT2 Barcza 1314"]
[Site "Hungary"]
[Date "2014.02.02"]
[Round "6"]
[White "Hidegh, Gabor"]
[Black "Deak, Sandor"]
[Result "0-1"]
[WhiteElo "2153"]
[BlackElo "2318"]
[PlyCount "47"]
[EventDate "2013.09.08"]
[EventType "team-tourn"]
[EventRounds "11"]
[EventCountry "HUN"]
[SourceTitle "EXT 2016"]
[Source "ChessBase"]
[SourceDate "2015.10.08"]
[SourceVersion "1"]
[SourceVersionDate "2015.10.08"]
[SourceQuality "1"]
[WhiteTeam "Debrecen EAC"]
[BlackTeam "Nadudvar"]
[WhiteTeamCountry "HUN"]
[BlackTeamCountry "HUN"]

1. d4 d5 2. Nf3 Nf6 3. Bf4 c5 4. c3 Nc6 5. e3 Qb6 6. Qb3 c4 7. Qxb6 axb6 8. Na3 Bf5 9. Nh4 e6 10. Nxf5 exf5 11. Nc2 b5 12. a3 Be7 13. Be2 h6 14. h4 Kd7 15. Bf3 Ne4 16. h5 Ke6 17. Ke2 Bd6 18. Bxe4 fxe4 19. g4 f6 20. Rag1 Kd7 21. Bxd6 Kxd6 22. Ne1 Rac8 23. Nc2 Nd8 24. Rc1 0-1

[Event "HUN-chT2 Barcza 1314"]
[Site "Hungary"]
[Date "2013.09.08"]
[Round "1"]
[White "Deak, Sandor"]
[Black "Csorsz, Ferenc"]
[Result "1-0"]
[WhiteElo "2318"]
[BlackElo "2062"]
[PlyCount "65"]
[EventDate "2013.09.08"]
[EventType "team-tourn"]
[EventRounds "11"]
[EventCountry "HUN"]
[SourceTitle "EXT 2016"]
[Source "ChessBase"]
[SourceDate "2015.10.08"]
[SourceVersion "1"]
[SourceVersionDate "2015.10.08"]
[SourceQuality "1"]
[WhiteTeam "Nadudvar"]
[BlackTeam "Nyiregyhaza SISE"]
[WhiteTeamCountry "HUN"]
[BlackTeamCountry "HUN"]

1. d4 Nf6 2. c4 e6 3. Nc3 Bb4 4. e3 Qe7 5. Nge2 a5 6. a3 Bxc3+ 7. Nxc3 d6 8. Be2 e5 9. 0-0 0-0 10. f4 exd4 11. exd4 d5 12. cxd5 Nbd7 13. f5 Nb6 14. g4 Nfxd5 15. Bf3 Nxc3 16. bxc3 Rb8 17. Bf4 Nc4 18. Qd3 b5 19. f6 gxf6 20. Rfd1 Be6 21. Be4 Kg7 22. Qh3 h5 23. Bf5 Rg8 24. Kf1 Qd7 25. Rd2 Qc6 26. Rg2 Bd5 27. Rg1 h4 28. g5 Kf8 29. Qxh4 Be6 30. Be4 Qd7 31. Qh6+ Ke8 32. d5 Rd8 33. gxf6 1-0